00987nabaa22001937a 4500999001500000003000400015005001700019008004100036040000700077100003700084245010100121300001300222505027900235505008900514650003200603650001900635773012600654942001300780 c6133d6133OSt20260122223239.0190701b xxu||||| |||| 00| 0 spa d cPJ 96893aCalviño, María Teresa 13aEl principio de la buena administración en pandemia y pospandemia /cMaría Teresa Calviño. ap. 16-21 aSumario: I. Introducción.— II. El principio de buena administración.— III. El contexto.— IV. El impacto en la Administración.— V. Im- plementación de trámites remotos.— VI. El impacto en la tramitación de títulos universitarios.— VII. Conclusiones. t¿Te interesa el texto completo? Comunicate al correo: koha@justierradelfuego.gov.ar 09211aDERECHO ADMINISTRATIVO 095233aPANDEMIA0 0284293251dBuenos Aires : AbeledoPerrot, 2012-oDA121tDerecho administrativo. Nº 149 septiembre/octubre 2023z18510590 2udccANA